| 000 | 00458nam a2200181Ia 4500 | ||
|---|---|---|---|
| 008 | 140110s9999 xx 000 0 und d | ||
| 020 |
_a9780007463329 _cRs.350.00 |
||
| 040 | _aLoreto College | ||
| 041 | _aEnglish | ||
| 082 |
_aF/KEL _bLCLIB/49229 |
||
| 100 | _aKelly,Cathy | ||
| 245 |
_aChristmas magic _cCathy Kelly |
||
| 260 |
_aLondon _bHarper collins _c2011 |
||
| 300 |
_a342p. _c20c.m. |
||
| 650 | _aFiction | ||
| 850 | _aLCLIB/F/KEL | ||
| 942 | _cBK | ||
| 999 |
_c37806 _d88285 |
||